10 największych miast w Estonii - Statystyki

Ogólne statystyki
  • Ten quiz został rozwiązany 35 razy
  • Średni wynik to 3 z 10
Statystyki odpowiedzi
Ludność Miasto % Poprawnych
430 805 Tallinn
100%
93 715 Tartu
71%
39 375 Parnawa
58%
56 103 Narwa
55%
34 394 Kohtla-Järve
13%
15 413 Rakvere
13%
17 525 Viljandi
13%
13 276 Kuressaare
10%
15 189 Maardu
3%
12 989 Sillamäe
3%
Nie znaleziono quizów pasujących do podanych kryteriów
Rozkład punktacji
Procent ludzi z każdym wynikiem
Percentyl według liczby udzielonych odpowiedzi
Twoja historia wyników
Nie rozwiązałeś tego quizu